Non chiamarmi Cina! /

Saved in:
Bibliografiske detaljer
Hovedforfatter: Ballerini, Luigi, (1963- ) (Author)
Format: Bog
Sprog:italiensk
Udgivet: Firenze ; Milano : Giunti, 2012
Serier:Extra
Tags: Tilføj Tag
Ingen Tags, Vær først til at tagge denne postø!

MARC

LEADER 00000nam a22000007i 4500
001 IT\ICCU\LUA\0511453
003 ItRI
005 20260115232046.0
008 120611s2012 it |||||| ||||| |||||c
020 |a 9788809775640 
040 |b ita  |c importazione bologna sebina 
041 7 |a ita  |2 ISO-639-2 
082 |a 853.914  |9 NARRATIVA ITALIANA. 1945-  |2 20 
082 |a 853.92  |9 NARRATIVA ITALIANA, 2000-  |2 21 
100 1 |a Ballerini, Luigi,  |d  (1963- )  |0 IT\ICCU\UBOV\152372  |4 aut 
240 1 0 |a Non chiamarmi Cina!  |3 IT\ICCU\RAV\2051338  |9 Ballerini, Luigi <1963- > 
245 1 0 |a Non chiamarmi Cina! /  |c Luigi Ballerini. 
260 |a Firenze ;  |a Milano :  |b Giunti,  |c 2012 
300 |a 142 p. ;  |c 22 cm 
790 1 |a Ballerini, Luigi,  |d  (sec. 20.-21.)  |3 IT\ICCU\VIAV\126454  |z Ballerini, Luigi (1963- ) 
790 1 |a Ballerini, Luigi  |c  (autore di libri per ragazzi)  |3 IT\ICCU\UBOV\152374  |z Ballerini, Luigi (1963- ) 
790 1 |a Ballerini, Luigi  |c  (medico)  |3 IT\ICCU\UBOV\152373  |z Ballerini, Luigi (1963- ) 
830 0 |a Extra  |0 IT\ICCU\MOD\1549165 
942 |2 ddc  |c BK  |n 0 
952 |0 0  |1 0  |4 0  |6 R_853_920000000000000_BAL  |7 0  |9 19318  |a BO  |b BO  |d 2026-01-15  |i 18865  |l 0  |o R 853.92 BAL  |p BO18865  |r 2026-01-15 23:20:46  |w 2026-01-15  |x [Sebina 5] [1 v.]  |y BK  |z 1 v. 
999 |c 16447  |d 16447